| 000 | 00798nam a2200157Ia 4500 | ||
|---|---|---|---|
| 003 | OSt | ||
| 008 | 201015b ||||| |||| 00| 0 eng d | ||
| 020 | _a9789332542525 | ||
| 100 | _aMORRISMANO, M. | ||
| 245 | _aDigital Logic and Computer Design | ||
| 250 |
_aFirst Edition _b30 June 2016 |
||
| 260 |
_aNew Delhi _bPearson Education India |
||
| 300 | _a560 pages | ||
| 500 | _aThis book presents the basic concepts used in the design and analysis of digital systems and introduces the principles of digital computer organization and design. It discusses various methods and techniques suitable for a variety of digital system design applications and covers all aspects of digital systems. It also includes applications of Read Only Memory (ROM) and Programmable Logic Array (PLA). | ||
| 942 |
_2ddc _cBK |
||
| 999 |
_c7342 _d7342 |
||